|
|
|
|
| LEADER |
00000nam a22000005a 4500 |
| 001 |
vtls010127677 |
| 003 |
SK-MaSNL |
| 005 |
20260301225110.0 |
| 008 |
200507s1935 xo 000 0 slo |
| 020 |
|
|
|q (viaz.)
|
| 035 |
|
|
|a urn:nbn:sk:snk-am00dzjh
|
| 035 |
|
|
|a urn:nbn:sk:snk-am3i9ve
|
| 035 |
|
|
|a 8087ED5C-1624-4AB6-9A32-C4E4FF7D2E00
|
| 040 |
|
|
|a SNK
|b slo
|c SNK
|e AACR2
|
| 041 |
0 |
|
|a slo
|
| 044 |
|
|
|a xo
|c SK
|
| 245 |
0 |
0 |
|a Malé Alleluja
|b modlitebná a spevácka knižka pre katolícké školské dietky
|
| 250 |
|
|
|a Päťdesiate vydanie
|
| 260 |
|
|
|a V Ružomberku
|b "LEV" a kníhtlač. a nakl. sp. úč. sp.
|c 1935
|
| 650 |
0 |
7 |
|a katolícke modlitby
|2 SNKPH
|9 4273
|
| 650 |
0 |
7 |
|a katolícke piesne
|2 SNKPH
|9 66478
|
| 655 |
|
7 |
|a modlitebné knihy
|2 SNKPH
|9 171699
|
| 958 |
|
|
|a ONDV
|
| 999 |
|
|
|c 949688
|d 951618
|
| 952 |
|
|
|a SNK
|b SNK
|y VYP
|7 0
|p 17A0669922
|o snkSE 8845 D1
|i snk2010/18658
|8 3
|g 60.00
|0 0
|1 0
|4 0
|d 2010-08-31
|l 0
|r 2026-02-24 09:44:59
|w 2026-02-24
|
| 952 |
|
|
|a SNK
|b SNK
|y PREZ
|7 0
|p 17A0787083
|o snkSE 8845
|0 0
|1 0
|4 0
|d 2012-01-25
|f 1
|l 0
|r 2026-02-24 09:44:59
|w 2026-02-24
|